LEADER 01096nam a2200241 i 4500 001 000000059459 003 CaOOAMICUS 005 20121204000000.0 008 121204s1987 it u000 u ita u 013 $a30631 040 $aSeMil$bita 100 1 $aAstorri, Romeo.$0(OLS)http://semarc/name/18882 245 10$aEuropa /$cRomeo Astorri. 300 $aXIII, 218 p. 490 0 $aPubblicazioni della Università di Pavia. Studi nelle scienze giuridiche e sociali. Nuova serie ;$v52 490 0 $aQuaderni della codificazione canonica ;$v3 650 4$aConferenze episcopali.$0(OLS)http://semarc/subject/6269 773 0 $tStatuti delle Conferenze Episcopali.$dPadova : CEDAM, 1987.$g1$w()27767 830 0$aPubblicazioni della Università di Pavia. Studi nelle scienze giuridiche e sociali. Nuova serie ;$v52.$0(OLS)http://semarc/title/11755 830 0$aQuaderni della codificazione canonica ;$v3.$0(OLS)http://semarc/title/12686 850 $aSeMil 852 $aSeMil$W1$xVenegono$y1$m2J IV 228$j25612$B25612$CSeMilBibl$Z2$F25615 $81 996 $6245$aEuropa$9(OLS)http://semarc/title/92910 LEADER 01044nam a2200265 i 4500 001 000000107610 003 CaOOAMICUS 005 20050927000000.0 008 050927s1962 fr u000 u fre u 013 $a79909 040 $aSeMil$bita 100 1 $aDucourneau, Jean A.$0(OLS)http://semarc/name/45310 245 10$aAlbum Balzac /$ciconographie réunie et commentée par Jean A. Ducourneau. 260 $a[Paris] :$bGallimard,$ccopyr. 1962. 300 $aVII, 334 p. :$briccamente ill. ;$c18 cm. 490 0 $aBibliothèque de la pléiade 500 $aFondo Ciprandi. 650 4$aBalzac, Honoré : de <1799-1850> - Opere.$0(OLS)http://semarc/subject/18934 830 0$aBibliothèque de la Pléiade.$0(OLS)http://semarc/title/42418 850 $aSeMil 852 $aSeMil$W1$xVenegono$y1$m5P I 10$j63706$B63706$CSeMilBibl$Z2$F103456 $81 941 1 $a1 961 $aOmaggio: Ciprandi dott. Paolo 996 $6245$aAlbum Balzac$9(OLS)http://semarc/title/156272 996 $6260$a[Paris] :$bGallimard$9(OLS)http://semarc/publisher/30050